| 000 | 00846nam0a2200265 4500 | ||
|---|---|---|---|
| 001 | RU\NLR\bibl\1236298 | ||
| 005 | 20250615115746.0 | ||
| 010 |
_a978-5-486-02060-5 _910000 |
||
| 021 |
_aRU _b2008-28632 _91584 |
||
| 035 | _a(NLR Aleph) 001222529 | ||
| 090 |
_a147500 _c147500 |
||
| 100 | _a20080604d2008 |||y0rusy50 ca | ||
| 101 | 1 |
_arus _ceng |
|
| 102 | _aRU | ||
| 105 | _ay ||||||||| | ||
| 200 | 1 |
_aАттракцион любви _e[роман] _fРозалинда Лейкер _g[пер. с англ. Т.П. Семеновой] |
|
| 210 |
_aМосква _cМир книги _d2008 |
||
| 215 |
_a303 с. _d21 |
||
| 686 | _aШ6(4Вл)67-440.4{Лх1299-50} | ||
| 700 | 1 |
_aЛейкер _bР. _f1925- _gРозалинда _4070 |
|
| 801 | 0 |
_aRU _bNLR _c20080604 _gRCR |
|
| 801 | 1 |
_aRU _bNLR _c20080604 |
|
| 942 | _cBOOK | ||
| 980 | _aNB | ||